LEADER 02330nam 2200721 a 450 001 9910283646403321 005 20221108064840.0 010 $a9781589835955 010 $a1589835956 024 7 $a2027/heb31336 035 $a(CKB)2670000000416185 035 $a(dli)HEB31336 035 $a(SSID)ssj0001002967 035 $a(PQKBManifestationID)12458345 035 $a(PQKBTitleCode)TC0001002967 035 $a(PQKBWorkID)11017129 035 $a(PQKB)10272200 035 $a(MiU)MIU01000000000000012354015 035 $a(EXLCZ)992670000000416185 100 $a20110614d2011 uy 0 101 0 $aeng 135 $aurmnummmmuuuu 181 $ctxt 182 $cc 183 $acr 200 00$aReading Akkadian prayers and hymns $ean introduction /$fedited by Alan Lenzi 210 $aAtlanta $cSociety of Biblical Literature$dc2011 215 $a1 online resource (xxiii, 520 p. )$cill. ; 225 1 $aAncient Near East monographs / Society of Biblical Literature ;$vno. 3 300 $aBibliographic Level Mode of Issuance: Monograph 311 08$a9781589835962 311 08$a1589835964 320 $aIncludes bibliographical references and index. 410 0$aAncient Near East monographs ;$vv. 3. 410 0$aACLS Humanities E-Book. 517 $aReading Akkadian Prayers and Hymns 606 $aAssyro-Babylonian religion$vPrayers and devotions 606 $aHymns, Akkadian 606 $aAkkadian language$vReaders 606 $aAssyro-Babylonian religion$vPrayers and devotions 606 $aHymns, Akkadian$vReaders 606 $aAkkadian language 606 $aReligion$2HILCC 606 $aPhilosophy & Religion$2HILCC 606 $aEastern Religions$2HILCC 615 0$aAssyro-Babylonian religion 615 0$aHymns, Akkadian. 615 0$aAkkadian language 615 0$aAssyro-Babylonian religion 615 0$aHymns, Akkadian 615 0$aAkkadian language. 615 7$aReligion 615 7$aPhilosophy & Religion 615 7$aEastern Religions 676 $a299/.21 701 $aLenzi$b Alan$01076257 712 02$aAmerican Council of Learned Societies. 801 0$bNyNyACL 801 1$bNyNyACL 906 $aBOOK 912 $a9910283646403321 996 $aReading Akkadian prayers and hymns$92586638 997 $aUNINA LEADER 01200nam0-22003611i-450 001 990002047310403321 005 20250922144747.0 035 $a000204731 035 $aFED01000204731 035 $a(Aleph)000204731FED01 100 $a20030910d1833----km-y0itay50------ba 101 0 $aita 102 $aIT 105 $af 001yy 200 1 $aMonografia degli Acridi e de' podismi del Regno di Napoli da servire di manuale alle commissioni de' bruchi ai proprietari de' campi$fOronzio Gabriele Costa 210 $aNapoli$cStamperia Giuseppe Azzolini$d1833 215 $a50 p. , 4 tv. col.$d28 cm 610 0 $aVolumi di pregio 610 0 $aOrtotteri 610 0 $aCavallette 610 0 $aLocuste 610 0 $aGrilli 676 $a595.726 700 1$aCosta,$bOronzio Gabriele$f<1787-1868>$078345 801 0$aIT$bUNINA$gRICA$2UNIMARC 901 $aBK 912 $a990002047310403321 952 $a61 VI A.5/18$b1455$fDAGEN 952 $aA MUSA 978$b03/4218/25$fFAGBC 959 $aDAGEN 959 $aFAGBC 996 $aMonografia degli Acridi e de' podismi del Regno di Napoli da servire di manuale alle commissioni de' bruchi ai proprietari de' campi$9406508 997 $aUNINA